| 000 | 01440cam a2200253 4500 | ||
|---|---|---|---|
| 001 | ABS66550 | ||
| 008 | 030321n2003 000 0 eng u | ||
| 035 | _a(Sirsi) u121708 | ||
| 100 | _aCastorina, G. | ||
| 245 | _aTake control of the Crown | ||
| 260 | _c2003 | ||
| 490 |
_aEstates Gazette _v(0310) 8 March 2003, 160(1) |
||
| 520 | _aConsiders the issue of Crown immunity from planning control and argues for reform to the current system. Proposals to abolish Crown immunity were announced 10 years ago but have not been introduced to parliament. Therefore the general principle remains that development on Crown land, by or on behalf of the Crown, requires no planning permission or consent. Looks at the scope of the Town and Country Planning Act 1990 s299 in relation to land disposal and examines the informal consultation procedure with local planning authorities (LPAs) set out in DoE Circular 18/84. Argues that the increasing use of PFIs and PPPs further weakens the justification for Crown immunity and concludes that all government projects should be subject to the standard planning process. | ||
| 590 | _aABS | ||
| 650 | _aCROWN IMMUNITY | ||
| 650 | _aCROWN DEVELOPMENT | ||
| 650 | _aPLANNING CONTROL | ||
| 650 | _aDOE CIRCULAR 18/1984 | ||
| 650 | _aPFI | ||
| 650 | _aPUBLIC PRIVATE PARTNERSHIPS | ||
| 650 | _aTOWN AND COUNTRY PLANNING ACT 1990 S299 | ||
| 690 |
_aPlanning and development _96259 |
||
| 942 | _n0 | ||
| 999 |
_c72330 _d72330 |
||